000 00730nam a2200217 i 4500
001 94965
003 ES-MaACL
005 20250624194251.0
007 t|
008 050519s1930 fr ||||1| fre d
080 _a821.134.2 León, Luis de 1.07
080 _a929 León, Luis de
100 1 _aLugan, A.
_974648
245 1 3 _aLe grand poète-moine du siècle d'or espagnol Luis de León
_b: (1528-1591) /
_cpar A. Lugan.
260 _aParis :
_bSocété d'édition "Les Belles Lettres",
_c1930.
300 _a194 p. ;
_c21 cm.
600 1 4 _aLeón, Luis de,
_d1527-1591-
_xCrítica e interpretación
_971582
700 1 _aLeón, Luis de,
_d1527-1591
_971583
852 _aES-MaACL
_jB-5708
999 _c94965
_d94965